Where Did These 2025-2026 Players Play Before Joining Bayern Munich - Statistics

General Stats
  • This quiz has been taken 29 times
  • The average score is 29 of 43
Answer Stats
Player Nationality Position Year Joined Answer % Correct
Raphaël Guerreiro Portugal DF 2023 Borussia Dortmund
92%
Nicolas Jackson (On Loan at Bayern) Senegal FW 2025 Chelsea
92%
Luis Díaz Colombia FW 2025 Liverpool
92%
Kim Min-jae South Korea DF 2023 Napoli
92%
Harry Kane England FW 2023 Tottenham Hotspur
92%
Jonathan Tah Germany DF 2025 Bayer Leverkusen
88%
Michael Olise France FW 2024 Crystal Palace
88%
Dayot Upamecano France DF 2021 RB Leipzig
88%
Konrad Laimer Austria MF 2023 RB Leipzig
88%
Manuel Neuer Germany GK 2011 Schalke 04
88%
Jamal Musiala Germany MF 2020 Bayern Munich(Academy)
81%
Cassiano Kiala Germany DF 2025 Bayern Munich(Academy)
77%
Magnus Dalpiaz Austria DF 2025 Bayern Munich(Academy)
77%
Noël Aséko Nkili Germany MF 2023 Bayern Munich(Academy)
77%
Aleksandar Pavlović Germany MF 2023 Bayern Munich(Academy)
77%
Lennart Karl Germany FW 2025 Bayern Munich(Academy)
77%
Wisdom Mike Germany FW 2025 Bayern Munich(Academy)
77%
João Palhinha Portugal MF 2024 Fulham
77%
Sacha Boey France DF 2024 Galatasaray
77%
Joshua Kimmich Germany MF 2015 RB Leipzig
77%
Max Schmitt Germany GK 2023 Bayern Munich(Academy)
73%
Leon Klanac Germany GK 2024 Bayern Munich(Academy)
73%
Jannis Bärtl Germany GK 2025 Bayern Munich(Academy)
73%
Tarek Buchmann Germany DF 2023 Bayern Munich(Academy)
73%
Armindo Sieb Germany FW 2020/2024 Bayern Munich(Academy)/Greuther Fürth
73%
Arijon Ibrahimović Germany FW 2023 Bayern Munich(Academy)
65%
Jonathan Asp Jensen Denmark FW 2024 Bayern Munich(Academy)
65%
Hiroki Ito Japan DF 2024 VfB Stuttgart
65%
Felipe Chávez Peru MF 2025 Bayern Munich(Academy)
62%
David Santos Portugal MF 2024 Bayern Munich(Academy)
62%
Alphonso Davies Canada DF 2019 Vancouver Whitecaps
62%
Josip Stanišić Croatia DF 2021 Bayern Munich II
58%
Jonas Urbig Germany GK 2025 Köln
58%
Tom Bischof Germany MF 2025 TSG Hoffenheim
58%
Serge Gnabry Germany FW 2017 Werder Bremen
50%
Alexander Nübel Germany GK 2020 Schalke 04
46%
Sven Ulreich Germany GK 2015/2021 VfB Stuttgart/Hamburg
46%
Daniel Peretz Israel GK 2023 Maccabi Tel Aviv
42%
Bryan Zaragoza Spain FW 2024 Granada
27%
Maurice Krattenmacher Germany MF 2024 SpVgg Unterhaching
23%
Leon Goretzka Germany MF 2018 TSG Hoffenheim
23%
Jonah Kusi-Asare Sweden FW 2024 AIK
15%
Lovro Zvonarek Croatia MF 2022 Slaven Belupo
15%
No matching quizzes found
Score Distribution
Percent of People with Each Score
Percentile by Number Answered
Your Score History
You have not taken this quiz